Biggest African Economies by Decade (1960-2050) - Statistics

General Stats
  • This quiz has been taken 63 times
  • The average score is 95 of 100
Answer Stats
Year Rank GDP Answer % Correct
5. 1.83B Egypt
100%
4. 7.54B Egypt
100%
4. 20.67B Egypt
100%
4. 41.51B Egypt
100%
2. 99.83B Egypt
100%
3. 212.52B Egypt
100%
2. 383.19B Egypt
100%
2030 1. 595.67B Egypt
100%
2040 1. 1.59T Egypt
100%
2050 1. 3.48T Egypt
100%
4. 2.32B Nigeria
100%
2. 10.6B Nigeria
100%
2. 59.57B Nigeria
100%
3. 55.47B Nigeria
100%
3. 69.18B Nigeria
100%
2. 351.4B Nigeria
100%
2020 1. 429.62B Nigeria
100%
5. 298.74B Nigeria
100%
2. 1.1T Nigeria
100%
2. 2.76T Nigeria
100%
1960 1. 4.84B South Africa
100%
1970 1. 20.57B South Africa
100%
1980 1. 82.2B South Africa
100%
1990 1. 128.45B South Africa
100%
2000 1. 151.72B South Africa
100%
2010 1. 398.38B South Africa
100%
3. 339.19B South Africa
100%
2. 457.81B South Africa
100%
4. 608.87B South Africa
100%
4. 828.88B South Africa
100%
6. 1.51B Algeria
98%
7. 4.66B Algeria
98%
3. 39.86B Algeria
98%
2. 57.77B Algeria
98%
4. 54.79B Algeria
98%
4. 156.01B Algeria
98%
4. 165.12N Algeria
98%
4. 311.57B Algeria
98%
5. 417.12B Algeria
98%
5. 600.75B Algeria
98%
8. 1.13B Morocco
98%
8. 3.86B Morocco
98%
5. 20.14B Morocco
98%
6. 30.73B Morocco
98%
5. 43.02B Morocco
98%
5. 100.93B Morocco
98%
5. 121.69B Morocco
98%
6. 209.71B Morocco
98%
6. 310.08B Morocco
98%
7. 521.23B Morocco
98%
10. 624.1M Sudan
98%
9. 8.81B Sudan
98%
5. 36.4B Sudan
98%
8. 70.72B Sudan
98%
2. 4.31B DR Congo
97%
3. 8.46B DR Congo
97%
8. 9.16B DR Congo
97%
8. 19.07B DR Congo
97%
10. 132.65B DR Congo
97%
9. 236.47B DR Congo
97%
9. 385.94B DR Congo
97%
6. 80.88B Angola
95%
3. 3.09B Ethiopia
92%
5. 6.39B Ethiopia
92%
8. 12.51B Ethiopia
92%
7. 96.65B Ethiopia
92%
3. 406.81B Ethiopia
92%
3. 791.63B Ethiopia
92%
3. 1.26T Ethiopia
92%
9. 677.78M Ghana
92%
10. 2.13B Ghana
92%
8. 70.16B Ghana
92%
10. 8.32B Tunisia
92%
9. 12.5B Tunisia
92%
7. 21.47B Tunisia
92%
9. 45.61B Tunisia
92%
7. 1.26B Libya
90%
6. 5.06B Libya
90%
6. 15.73B Libya
90%
7. 29.71B Libya
90%
6. 38.26B Libya
90%
7. 72.22B Libya
90%
10. 44.74B Kenya
88%
6. 101.06B Kenya
88%
7. 155.11B Kenya
88%
7. 268B Kenya
88%
6. 523.37B Kenya
88%
9. 3.01B Tanzania
88%
10. 133.38B Tanzania
88%
9. 63.45B Tanzania
88%
9. 136.27B Tanzania
88%
8. 250.45B Tanzania
88%
10. 374.8B Tanzania
88%
8. 450.75B Uganda
86%
7. 9.89B Cote d'Ivoire
85%
9. 16.58B Cote d'Ivoire
85%
10. 63.28B Cote d'Ivoire
85%
8. 137.79B Cote d'Ivoire
85%
10. 233.57B Cote d'Ivoire
85%
10. 12.19B Cameroon
78%
No matching quizzes found
Score Distribution
Percent of People with Each Score
Percentile by Number Answered
Your Score History
You have not taken this quiz